Statistics for Oceanian Geography by Letter - A

Click here to take the quiz!

General Stats

  • This quiz has been taken 172 times
    (126 since last reset)
  • The average score is 12 of 20

Answer Stats

HintAnswer% Correct
New Zealand's biggest cityAuckland
99%
Capital of South AustraliaAdelaide
90%
The indigenous people of the
Australian mainland
{Aboriginal}
Australians
88%
Hawaiian for hello or goodbyeAloha
88%
Another name for UluruAyer's Rock
81%
Capital of SamoaApia
80%
Type of island made of coral reefAtoll
75%
Biggest city in central AustraliaAlice Springs
72%
NZ's national rugby union teamAll Blacks
69%
Pago Pago is its capitalAmerican Samoa
64%
Federal territory in which
Canberra is located
Australian
Capital Territory
64%
Western Australia's oldest colonial
settlement or NY's capital
Albany
60%
Sub-region that includes Australia
and New Zealand
Australasia
53%
Capital of the Pitcairn Islands{Adam}stown
44%
National anthem of Australia{Advance}
Australia Fair
39%
Maori name of New ZealandAotearoa
39%
Maori name of NZ's tallest mountainAoraki
35%
Australian slang for "afternoon"Arvo
34%
Sea north of Northern TerritoryArafura Sea
28%
Tasty sea snail with an iridescent
shell known as paua in NZ
Abalone
22%

Score Distribution

Percentile by Number Answered

Percent of People with Each Score

Your Score History

You have not taken this quiz since the last reset